Créatures légendaires #1 - Statistiques

Statistiques générales
  • Ce quiz a été pris 19 417 fois
  • Le résultat moyen est 13 sur 20
Statistiques - réponses
Indices Créatures % Correct
Cheval disposant d'une corne sur le front Licorne
100%
Chez Disney, Ariel en est une petite Sirène
98%
Il vit dans une lampe magique Génie
90%
Oiseau renaissant de ses cendres Phénix
90%
Géant ne possédant qu'un seul oeil Cyclope
88%
Homme se transformant en un certain canidé à la pleine lune Loup-Garou
87%
Créature mi-homme mi-cheval Centaure
85%
Une tête de taureau sur un corps d'homme Minotaure
79%
Chien à trois têtes Cerbère
74%
Créature qui vivrait dans l'Himalaya Yeti
72%
Son chaudron d'or se trouverait au pied d'un arc-en-ciel Leprechaun
70%
Chimère qui donne son nom à l'une des maisons de Poudlard Griffon
63%
Monstre marin tentaculaire Kraken
61%
Si vous lui coupez une tête, deux autres repousseront Hydre
52%
Femme hideuse aux caractéristiques d'oiseaux Harpie
51%
Ne regardez pas ses yeux sous peine de finir en pierre Gorgone
36%
Homme aux jambes de bouc Satyre
30%
Créature généralement stupide et se cachant sous les ponts Troll
26%
Animal mexicain se nourrissant du sang de bétail Chupacabra
22%
Esprit irlandais au cri perçant Banshee
17%
Aucun quiz correspondant
Distribution des résultats
% des personnes avec chaque résultat
Percentile par nombre de réponses
Votre historique - résultats
Vous n’avez pas pris ce quiz